000 00624nam a2200241 i 4500
001 C2-0251726
003 PPAK
005 20180727215044.0
008 030930s2001 my |||| ||||| | may d
020 _a9839216279
040 _aPPAK
_beng
_cPPAK
_erda
082 0 4 _a899.233
_223
090 0 0 _a899.233
_bAHA
_dG
100 0 _aAhadiat Akashah,
_eauthor
245 1 0 _aAku cinta padamu
264 1 _aKuala Lumpur :
_bGhostwriter ,
_c2001
300 _a111 pages ;
_c17 cm
336 _2rdacontent
_atext
337 _2rdamedia
_aunmediated
338 _2rdacarrier
_avolume
650 1 0 _aMalay fiction.
942 _ddc
_cB
999 _c64846
_d64846